| 000 | 00515nam a22001577a 4500 | ||
|---|---|---|---|
| 003 | OSt | ||
| 005 | 20150914094430.0 | ||
| 008 | 150914b xxu||||| |||| 00| 0 eng d | ||
| 040 | _cRUA | ||
| 082 | _aAGR SOK 2001 B023 Or.1 | ||
| 100 |
_9431 _aSOKUN VISAL |
||
| 245 | _aSituation of cashew nutin svay rieng province សា្ថនភាពដំណាំស្វាយចន្ទីនៅខេត្តស្វាយរៀង | ||
| 260 |
_aPhnom Penh _bRUA _c2001 |
||
| 300 |
_a44p. _bill. _c29cm. |
||
| 942 |
_2ddc _cAGR |
||
| 999 |
_c409 _d409 |
||